Creación de los Videojuegos - Estadísticas

Estadísticas generales
  • Esta prueba ha sido intentada 222 veces
  • La puntuación promedio es 28 de 30
Estadísticas de respuestas
Videojuegos Año de creación % Correcto
The Legend of Zelda: Ocarina of Time 1998
96%
World of Warcraft 2001
96%
Minecraft 2009
96%
Clash Royale 2016
96%
Among Us 2018
96%
Fall Guys 2020
96%
Fifa 1997
95%
Half-Life Counter Strike 1999
95%
Call of Duty 2003
95%
Resident Evil lV 2005
95%
Left 4 Dead 2008
95%
Subway Surfers 2012
95%
Grand Theft Auto V 2013
95%
Rocket League 2015
95%
Apex Legends 2019
95%
Fortnite 2011
94%
Donkey Kong 1981
93%
Mortal Kombat 1992
93%
Doom 1993
93%
Rayman 1995
93%
Elden Ring 2022
93%
Pacman 1980
92%
Street Fighter 1987
92%
Sonic 1990
92%
Metal Slug 1996
92%
Alan Wake 2010
92%
Snake 1979
91%
Super Mario Bros 1983
91%
Tetris 1984
89%
Tennis for Two 1958
63%
No se encontraron pruebas coincidentes
Distribución de puntuación
Porcentaje de gente con cada puntuación
Porcentaje por número respondido
Historial de tus puntuaciones
No has intentado esta prueba.